| 000 -LEADER |
| fixed length control field |
00851nam a22001337a 4500 |
| 040 ## - CATALOGING SOURCE |
| Transcribing agency |
RUA |
| 082 ## - DEWEY DECIMAL CLASSIFICATION NUMBER |
| Classification number |
AVM THA 2010 B092 or.1 |
| 100 ## - MAIN ENTRY--AUTHOR NAME |
| Personal name |
THANG SORT |
| 245 ## - TITLE STATEMENT |
| Title |
Study on medication usage on diarrhe of suckling piglet at preaksamrong farm of c.p company in takhmoa district, kandal province, (សិក្សាពីការប្រើប្រាស់ឱសថលើជំងឺរាកកូនជ្រូក ក្នុងអំឡុងពេលបៅដោះនៅកសិដ្ឋានព្រែកសំរោងរបស់ក្រុមហ៊ុន ស៊ី ភី ស្រុកតាខ្មៅ ខេត្តកណ្ដាល) |
| 260 ## - PUBLICATION, DISTRIBUTION, ETC. (IMPRINT) |
| Place of publication |
phnom penh |
| Name of publisher |
rua |
| Year of publication |
2010 |
| 300 ## - PHYSICAL DESCRIPTION |
| Number of Pages |
viii, 43p. |
| Other physical details |
ill. |
| Dimensions |
29cm. |
| 856 ## - ELECTRONIC LOCATION AND ACCESS |
| Uniform Resource Identifier |
https://drive.google.com/file/d/1mKxpZ2liLeI-ULtoLCACgb8nrdj5eRae/view?usp=sharing |
| 942 ## - ADDED ENTRY ELEMENTS (KOHA) |
| Koha item type |
AVM |
| 952 ## - LOCATION AND ITEM INFORMATION (KOHA) |
| Withdrawn status [LOCAL, KOHA] |
0 |
| 952 ## - LOCATION AND ITEM INFORMATION (KOHA) |
| Withdrawn status [LOCAL, KOHA] |
0 |
| 952 ## - LOCATION AND ITEM INFORMATION (KOHA) |
| Withdrawn status [LOCAL, KOHA] |
0 |
| 952 ## - LOCATION AND ITEM INFORMATION (KOHA) |
| Withdrawn status [LOCAL, KOHA] |
0 |
| 952 ## - LOCATION AND ITEM INFORMATION (KOHA) |
| Withdrawn status [LOCAL, KOHA] |
0 |
| 952 ## - LOCATION AND ITEM INFORMATION (KOHA) |
| Withdrawn status [LOCAL, KOHA] |
0 |